| 000 | 02198cad a22002295a 4500 | ||
|---|---|---|---|
| 001 | L158935 | ||
| 008 | 151016s2015 xxk f 000 0 eng d | ||
| 035 | _a(Sirsi) u158935 | ||
| 041 | 0 | _aeng | |
| 110 | 2 |
_aUnited Kingdom _kLaws, etc. _95044 |
|
| 245 | 0 | 0 |
_aHousing and Planning Bill 2015-16 _h[electronic resource] |
| 260 |
_aLondon _bTSO _c2015 |
||
| 520 | _aDivided into eight parts aimed at reforming the planning system to improve the delivery of new homes and ensure better and fairer regulation. Part 1 deals with the provision of new homes in England by providing a statutory framework for the delivery of starter homes and requiring local authorities to grant planning permission for suitable sites for custom-built and starter homes. Part 2 provides greater powers to local authorities to tackle rogue landlords, Part 3 allows local authorities to recover abandoned private sector empty properties, Part 4 introduces a number of social housing measures including extending Right to Buy discount levels to housing association tenants, requiring local authorities to sell off high end vacant properties to fund affordable housing, charging tenants with incomes of over £40, 000 in London and £30, 000 outside London to pay market or near market rents and Part 5 introduces a fit and property person test for landlords letting out licensed properties such as Houses in Multiple Occupation (HMOs) and sharing Tenant Deposit Scheme data with local authorities. Part 6 looks at a raft of planning reforms including simplifying the neighbourhood planning process and requiring local authorities to maintain registers of land which could be made available for house building and Part 7 covers simplifying the compulsory purchase and compensation process. Part 8 covers a range of general measures. | ||
| 590 | _aKA | ||
| 650 | 2 | 4 | _aHOUSING AND PLANNING BILL 2015-16 |
| 651 | 4 | _aUnited Kingdom | |
| 690 |
_aPlanning and development _96259 |
||
| 690 |
_aLandlord and tenant _96252 |
||
| 690 |
_aResidential property _96266 |
||
| 856 | 4 | 0 |
_uhttps://services.parliament.uk/bills/2015-16/housingandplanning.html _zView the item free of charge at www.publications.parliament.uk |
| 942 | _n0 | ||
| 999 |
_c115594 _d115594 |
||